[Event "BCF-chT2d 0910 (4NCL) Demotion pool"]
[Site "England"]
[Date "2010.03.28"]
[Round "8.5"]
[White "Collier, David"]
[Black "Neil, David"]
[Result "1/2-1/2"]
[WhiteElo "2142"]
[BlackElo "2157"]
[PlyCount "70"]
[EventDate "2009.10.24"]
[EventType "team-tourn"]
[EventRounds "4"]
[EventCountry "ENG"]
[SourceTitle "EXT 2010"]
[Source "ChessBase"]
[SourceDate "2010.11.25"]
[SourceVersion "1"]
[SourceVersionDate "2010.11.25"]
[SourceQuality "1"]
[WhiteTeam "Bristol"]
[BlackTeam "Wessex"]
[WhiteTeamCountry "ENG"]
[BlackTeamCountry "ENG"]

1. d4 Nf6 2. Bg5 c5 3. Bxf6 gxf6 4. d5 Qb6 5. Qc1 f5 6. e3 Bg7 7. c3 e6 8. dxe6 fxe6 9. Be2 d5 10. Bh5+ Ke7 11. Nd2 Bd7 12. Nh3 Nc6 13. Rb1 Ne5 14. 0-0 Bb5 15. Rd1 Bf6 16. Nf4 Rhg8 17. Nf3 Rad8 18. b4 Nxf3+ 19. Bxf3 c4 20. g3 Rd6 21. Bg2 Ba4 22. Rd4 Be8 23. Rd1 Bf7 24. Rb2 Rgd8 25. Rbd2 Qc6 26. Bf3 e5 27. Ne2 Be6 28. Qc2 R6d7 29. Bg2 Rg8 30. a4 Kf7 31. a5 b5 32. f4 e4 33. Nd4 Qb7 34. Bh3 Bxd4 35. Rxd4 Kf6 1/2-1/2

[Event "BCF-chT2a 0910 (4NCL)"]
[Site "England"]
[Date "2010.02.20"]
[Round "5.3"]
[White "Neil, David"]
[Black "Gray, Mark S"]
[Result "1-0"]
[WhiteElo "2157"]
[BlackElo "2089"]
[PlyCount "125"]
[EventDate "2009.10.24"]
[EventType "team-tourn"]
[EventRounds "7"]
[EventCountry "ENG"]
[SourceTitle "EXT 2010"]
[Source "ChessBase"]
[SourceDate "2010.11.25"]
[SourceVersion "1"]
[SourceVersionDate "2010.11.25"]
[SourceQuality "1"]
[WhiteTeam "Wessex"]
[BlackTeam "Anglian Avengers"]
[WhiteTeamCountry "ENG"]
[BlackTeamCountry "ENG"]

1. e4 e5 2. f4 d5 3. exd5 e4 4. d3 Nf6 5. dxe4 Nxe4 6. Be3 Qh4+ 7. g3 Nxg3 8. Nf3 Qe7 9. hxg3 Qxe3+ 10. Qe2 Qxe2+ 11. Bxe2 Bf5 12. Nc3 Bb4 13. 0-0-0 Bxc3 14. bxc3 Nd7 15. Bd3 Bxd3 16. Rde1+ Kf8 17. cxd3 Re8 18. Rxe8+ Kxe8 19. Kd2 Nb6 20. c4 h6 21. Re1+ Kd8 22. Ne5 Rf8 23. f5 Nd7 24. d4 Nb6 25. Kd3 Kc8 26. Rf1 Nd7 27. a4 Nf6 28. a5 a6 29. Rg1 Nh7 30. Rf1 Nf6 31. Rf2 Kd8 32. g4 Kc8 33. Rg2 Nh7 34. c5 Nf6 35. Kc4 Rd8 36. Nxf7 Rxd5 37. g5 hxg5 38. Rxg5 Rd7 39. Rxg7 Ne8 40. Rg8 Rxf7 41. Rxe8+ Kd7 42. Rb8 Rxf5 43. Rxb7 Kc8 44. Rb3 Rf1 45. Kd5 Rh1 46. Rf3 Rh6 47. Ke5 Kb7 48. d5 Rh1 49. Ke6 Re1+ 50. Kd7 Rd1 51. Rb3+ Ka7 52. Kc6 Ka8 53. d6 cxd6 54. cxd6 Rc1+ 55. Kd5 Rd1+ 56. Ke6 Re1+ 57. Kf7 Rd1 58. Ke7 Re1+ 59. Kd8 Rd1 60. d7 Ka7 61. Rb6 Re1 62. Kc7 Re5 63. Rb7+ 1-0

[Event "BCF-chT2a 0809 (4NCL)"]
[Site "Hinckley Island"]
[Date "2009.03.21"]
[Round "7.1"]
[White "Savage, Ben D"]
[Black "Neil, David"]
[Result "1-0"]
[WhiteElo "2307"]
[BlackElo "2161"]
[PlyCount "55"]
[EventDate "2008.10.04"]
[EventType "team-tourn"]
[EventRounds "7"]
[EventCountry "ENG"]
[SourceTitle "EXT 2010"]
[Source "ChessBase"]
[SourceDate "2010.11.25"]
[SourceVersion "1"]
[SourceVersionDate "2010.11.25"]
[SourceQuality "1"]
[WhiteTeam "Oxford"]
[BlackTeam "Wessex II"]
[WhiteTeamCountry "ENG"]
[BlackTeamCountry "ENG"]

1. d4 Nf6 2. c4 g6 3. Nc3 Bg7 4. e4 d6 5. h3 e5 6. d5 0-0 7. Bg5 h6 8. Be3 Nbd7 9. g4 Nc5 10. Qc2 a5 11. Nge2 c6 12. Ng3 Bd7 13. Qd2 Kh7 14. g5 hxg5 15. Bxg5 Qc7 16. h4 Nh5 17. Nxh5 gxh5 18. Be2 f5 19. Be3 b5 20. Rg1 b4 21. Bxc5 bxc3 22. Rxg7+ Kxg7 23. Qg5+ Kh7 24. Qxh5+ Kg7 25. Qg5+ Kh7 26. Qe7+ Kg8 27. 0-0-0 cxb2+ 28. Kb1 1-0

[Event "BCF-chT2b 0809 (4NCL)"]
[Site "Hinckley Island"]
[Date "2008.12.06"]
[Round "3.3"]
[White "Almond, Richard"]
[Black "Neil, David"]
[Result "0-1"]
[WhiteElo "2114"]
[BlackElo "2161"]
[PlyCount "66"]
[EventDate "2008.10.04"]
[EventType "team-tourn"]
[EventRounds "7"]
[EventCountry "ENG"]
[SourceTitle "EXT 2010"]
[Source "ChessBase"]
[SourceDate "2010.11.25"]
[SourceVersion "1"]
[SourceVersionDate "2010.11.25"]
[SourceQuality "1"]
[WhiteTeam "FCA Solutions"]
[BlackTeam "Wessex"]
[WhiteTeamCountry "ENG"]
[BlackTeamCountry "ENG"]

1. d4 Nf6 2. c4 g6 3. Nf3 Bg7 4. Nc3 d6 5. e4 0-0 6. Be2 e5 7. 0-0 Na6 8. Be3 c6 9. h3 Qe7 10. d5 c5 11. Qd2 Nh5 12. a3 f5 13. Bg5 Nf6 14. exf5 gxf5 15. Rfe1 Qf7 16. Nh2 Qg6 17. f4 e4 18. Nf1 Bd7 19. Rab1 Rae8 20. Bd1 h6 21. Bh4 Nh5 22. Bxh5 Qxh5 23. Bf2 Kh7 24. Nb5 Bxb5 25. cxb5 Nc7 26. a4 Rg8 27. Kh1 Re7 28. Ne3 Bd4 29. Rbd1 Reg7 30. Rg1 Nxd5 31. Nxd5 Rxg2 32. Nf6+ Bxf6 33. Rxg2 Qxh3+ 0-1

[Event "BCF-chT 0102 (4NCL)"]
[Site "Birmingham"]
[Date "2002.03.24"]
[Round "8.7"]
[White "Neil, David"]
[Black "Collier, David"]
[Result "0-1"]
[WhiteElo "2222"]
[BlackElo "2255"]
[PlyCount "66"]
[EventDate "2001.09.22"]
[EventType "team-tourn"]
[EventRounds "11"]
[EventCountry "ENG"]
[SourceTitle "CBM 084 Extra"]
[Source "ChessBase"]
[SourceDate "2001.10.26"]
[SourceVersion "1"]
[SourceVersionDate "2001.10.26"]
[SourceQuality "1"]
[WhiteTeam "Wessex"]
[BlackTeam "Bristol"]
[WhiteTeamCountry "ENG"]
[BlackTeamCountry "ENG"]

1. e4 c5 2. f4 d5 3. Nc3 d4 4. Bb5+ Nd7 5. Nce2 e6 6. c4 a6 7. Bxd7+ Bxd7 8. d3 Ne7 9. Nf3 Nc6 10. 0-0 Be7 11. a3 0-0 12. Bd2 b5 13. Rb1 bxc4 14. dxc4 a5 15. a4 Rb8 16. b3 f5 17. e5 Nb4 18. Ne1 Bc6 19. Bxb4 Rxb4 20. Nc1 Qa8 21. Ncd3 Rb6 22. Rf2 Rfb8 23. Rfb2 Be4 24. Qd2 Kh8 25. Nc2 Rg8 26. Rf1 Qb7 27. Nc1 g5 28. Ne1 gxf4 29. Qxa5 Rb4 30. Ncd3 Ra8 31. Qxa8+ Qxa8 32. Nxb4 cxb4 33. Nf3 d3 0-1

[Event "Bunratty Masters op"]
[Site "Bunratty"]
[Date "2001.02.18"]
[Round "5"]
[White "Heidenfeld, Mark"]
[Black "Neil, David"]
[Result "1/2-1/2"]
[WhiteElo "2369"]
[BlackElo "2244"]
[PlyCount "33"]
[EventDate "2001.02.19"]
[EventType "swiss"]
[EventRounds "6"]
[EventCountry "IRL"]
[SourceTitle "CBM 080 Extra"]
[Source "ChessBase"]
[SourceDate "2001.03.08"]
[SourceVersion "1"]
[SourceVersionDate "2001.03.08"]
[SourceQuality "1"]

1. e4 e5 2. Nf3 Nc6 3. Bb5 a6 4. Bxc6 dxc6 5. 0-0 f6 6. d4 exd4 7. Nxd4 c5 8. Nb3 Qxd1 9. Rxd1 Bd7 10. Nc3 Bd6 11. Be3 b6 12. Nd5 Rb8 13. a4 Ne7 14. c4 Nxd5 15. exd5 a5 16. Nc1 Kf7 17. Rd2 1/2-1/2

[Event "Bunratty Masters op"]
[Site "Bunratty"]
[Date "2001.02.17"]
[Round "4"]
[White "Neil, David"]
[Black "Wilman, Carey"]
[Result "1-0"]
[WhiteElo "2244"]
[BlackElo "2051"]
[PlyCount "49"]
[EventDate "2001.02.19"]
[EventType "swiss"]
[EventRounds "6"]
[EventCountry "IRL"]
[SourceTitle "CBM 080 Extra"]
[Source "ChessBase"]
[SourceDate "2001.03.08"]
[SourceVersion "1"]
[SourceVersionDate "2001.03.08"]
[SourceQuality "1"]

1. e4 d6 2. d4 Nf6 3. Nc3 g6 4. Be2 Bg7 5. g4 c5 6. d5 Qa5 7. f3 a6 8. Bd2 Qc7 9. a4 b6 10. g5 Nfd7 11. h4 h6 12. gxh6 Bxh6 13. Bxh6 Rxh6 14. Qd2 Rh8 15. Nh3 Nf6 16. Ng5 Nbd7 17. f4 Nf8 18. Qe3 Bb7 19. Rd1 Nh5 20. e5 dxe5 21. fxe5 f6 22. d6 fxg5 23. dxc7 Bxh1 24. Bxa6 Nf4 25. Kd2 1-0

[Event "BCF-chT2 0001 (4NCL)"]
[Site "Birmingham"]
[Date "2001.01.28"]
[Round "6.5"]
[White "Neil, David"]
[Black "Jakubovics, Nick S"]
[Result "0-1"]
[WhiteElo "2244"]
[BlackElo "2229"]
[PlyCount "58"]
[EventDate "2000.11.26"]
[EventType "team-tourn"]
[EventRounds "11"]
[EventCountry "ENG"]
[SourceTitle "CBM 079 Extra"]
[Source "ChessBase"]
[SourceDate "2001.01.11"]
[SourceVersion "2"]
[SourceVersionDate "2001.01.25"]
[SourceQuality "1"]
[WhiteTeam "Wessex"]
[BlackTeam "Bristol"]
[WhiteTeamCountry "ENG"]
[BlackTeamCountry "ENG"]

1. e4 e5 2. f4 exf4 3. Nf3 Be7 4. Bc4 Nf6 5. e5 Ng4 6. 0-0 Nc6 7. d4 d5 8. exd6 Bxd6 9. Qe2+ Qe7 10. Qxe7+ Nxe7 11. Ng5 0-0 12. Bxf4 Nf5 13. Bxd6 Nxd6 14. Bb3 h6 15. Nf3 Bf5 16. Nc3 c6 17. Rae1 Nf6 18. Ne5 Bh7 19. Rf4 Rae8 20. Ref1 Re7 21. a4 a5 22. Nd1 Nfe4 23. Ba2 g5 24. R4f3 Nd2 25. Rf6 Nxf1 26. Rxd6 Nd2 27. Rxh6 Kg7 28. Rd6 f6 29. Nd7 Rd8 0-1

[Event "BCF-chT2 9900 (4NCL)"]
[Site "Birmingham"]
[Date "2000.01.23"]
[Round "6.3"]
[White "Neil, David"]
[Black "Richmond, Robert"]
[Result "1-0"]
[WhiteElo "2244"]
[BlackElo "2238"]
[PlyCount "83"]
[EventDate "1999.10.??"]
[EventType "team-tourn"]
[EventRounds "11"]
[EventCountry "ENG"]
[SourceTitle "EXT 2001"]
[Source "ChessBase"]
[SourceDate "2000.11.22"]
[SourceVersion "1"]
[SourceVersionDate "2000.11.22"]
[SourceQuality "1"]
[WhiteTeam "Wessex"]
[BlackTeam "Slough II"]
[WhiteTeamCountry "ENG"]
[BlackTeamCountry "ENG"]

1. e4 e5 2. f4 exf4 3. Nf3 d6 4. d4 g5 5. h4 g4 6. Ng1 Nf6 7. Bxf4 Nxe4 8. Nd2 d5 9. Ne2 Bg7 10. Nxe4 dxe4 11. c3 Be6 12. Ng3 f5 13. Nh5 0-0 14. Nxg7 Kxg7 15. Qd2 Kg8 16. c4 c6 17. 0-0-0 Nd7 18. Be2 Nf6 19. h5 b5 20. b3 a5 21. Be5 Nd7 22. Bd6 bxc4 23. Bxc4 Bxc4 24. bxc4 Rf7 25. c5 Nb6 26. Qh6 Nc4 27. d5 cxd5 28. Rxd5 Qf6 29. Qxf6 Rxf6 30. Bf4 Rc8 31. Rhd1 h6 32. Kc2 Na3+ 33. Kb3 Nb5 34. Kc4 Na3+ 35. Kb3 Nb5 36. a4 Na7 37. Kc4 Nc6 38. Rd6 Kf7 39. Rxf6+ Kxf6 40. Rd6+ Kf7 41. Rxh6 Nd8 42. Kd5 1-0

[Event "BCF-chT2 9900 (4NCL)"]
[Site "Birmingham"]
[Date "2000.01.22"]
[Round "5.5"]
[White "Walton, Alan J"]
[Black "Neil, David"]
[Result "0-1"]
[WhiteElo "1928"]
[BlackElo "2244"]
[PlyCount "102"]
[EventDate "1999.10.??"]
[EventType "team-tourn"]
[EventRounds "11"]
[EventCountry "ENG"]
[SourceTitle "EXT 2001"]
[Source "ChessBase"]
[SourceDate "2000.11.22"]
[SourceVersion "1"]
[SourceVersionDate "2000.11.22"]
[SourceQuality "1"]
[WhiteTeam "Numerica 3CS"]
[BlackTeam "Wessex"]
[WhiteTeamCountry "ENG"]
[BlackTeamCountry "ENG"]

1. d4 Nf6 2. Bg5 d5 3. Bxf6 exf6 4. e3 Bd6 5. g3 0-0 6. Bg2 c6 7. Ne2 Nd7 8. 0-0 f5 9. b3 Nf6 10. c4 Be6 11. Qc2 Rc8 12. Nd2 Ne4 13. c5 Bb8 14. b4 h5 15. f4 h4 16. Nxe4 fxe4 17. Rfb1 g6 18. Nc3 Kg7 19. Kf2 Rh8 20. Qb2 Qd7 21. Nxe4 Bf5 22. Ng5 f6 23. Nf3 hxg3+ 24. hxg3 Bxb1 25. Rxb1 b5 26. Nd2 Rce8 27. Qa3 Re7 28. Rb3 g5 29. Nf1 gxf4 30. exf4 Kf8 31. Re3 Rhh7 32. Qd3 Rhg7 33. Rxe7 Kxe7 34. Ne3 Kd8 35. Qd1 Qe6 36. Qd3 Re7 37. Bf3 Bc7 38. a3 Rg7 39. Bg2 Kc8 40. Nf5 Rg8 41. Ne3 a6 42. Qh7 Kb7 43. f5 Qe8 44. Nxd5 Qd8 45. Nxc7 Qxd4+ 46. Kf1 Qd3+ 47. Kg1 Qxg3 48. Ne6+ Kc8 49. Qc7+ Qxc7 50. Nxc7 Kxc7 51. Kf2 Rg4 0-1

[Event "IECC CL0-1999.05"]
[Site "IECC email"]
[Date "1999.07.10"]
[Round "?"]
[White "Neil, David"]
[Black "Bergmann, Michael"]
[Result "0-1"]
[WhiteElo "2354"]
[BlackElo "2414"]
[PlyCount "62"]
[EventDate "1999.??.??"]
[EventType "tourn (corr)"]
[EventRounds "4"]
[SourceTitle "Corr 2015"]
[Source "ChessBase"]
[SourceDate "2015.07.17"]
[SourceVersion "1"]
[SourceVersionDate "2015.07.17"]
[SourceQuality "1"]

1. e4 c5 2. f4 Nc6 3. Nf3 g6 4. Bb5 Nf6 5. Bxc6 bxc6 6. d3 Bg7 7. 0-0 0-0 8. Nc3 d6 9. Qe1 Nd7 10. g4 Rb8 11. Qh4 e6 12. Qh3 f5 13. Nd1 Qe7 14. Rb1 fxg4 15. Qxg4 e5 16. Qg3 c4 17. Ng5 cxd3 18. cxd3 Nc5 19. Nf2 Na4 20. b3 Nc3 21. Rb2 Nb5 22. Rb1 Nd4 23. Kg2 Rb5 24. Qh4 h6 25. Nf3 Qxh4 26. Nxh4 exf4 27. Nf3 Ra5 28. a4 Be6 29. Bd2 Rh5 30. Nxd4 Bxd4 31. Rbc1 Be3 0-1

[Event "BCF-chT 9899 (4NCL)"]
[Site "England"]
[Date "1998.11.21"]
[Round "3.3"]
[White "Neil, David"]
[Black "Gormally, Daniel"]
[Result "0-1"]
[WhiteElo "2260"]
[BlackElo "2405"]
[PlyCount "44"]
[EventDate "1998.10.??"]
[EventType "team-tourn"]
[EventRounds "11"]
[EventCountry "ENG"]
[SourceTitle "EXT 2000"]
[Source "ChessBase"]
[SourceDate "1999.11.16"]
[SourceVersion "1"]
[SourceVersionDate "1999.11.16"]
[SourceQuality "1"]
[WhiteTeam "Wessex"]
[BlackTeam "Invicta Knights Maidstone"]
[WhiteTeamCountry "ENG"]
[BlackTeamCountry "ENG"]

1. e4 c5 2. Nc3 Nc6 3. f4 g6 4. Nf3 Bg7 5. Bb5 Nd4 6. a4 Nxb5 7. axb5 d6 8. 0-0 Nf6 9. Qe2 0-0 10. e5 dxe5 11. fxe5 Nd5 12. Nxd5 Qxd5 13. c4 Qd8 14. Qe3 Bg4 15. Qxc5 Rc8 16. Qxa7 Bxf3 17. Rxf3 Bxe5 18. Qxb7 Qd4+ 19. Kh1 Qxc4 20. g3 Rc7 21. Qa6 Qe2 22. Qa3 Rfc8 0-1

[Event "IECC CL1-1998.13"]
[Site "IECC email"]
[Date "1998.11.10"]
[Round "?"]
[White "Neil, David"]
[Black "Bergmann, Michael"]
[Result "1/2-1/2"]
[WhiteElo "2359"]
[BlackElo "2405"]
[PlyCount "68"]
[EventDate "1998.??.??"]
[EventType "tourn (corr)"]
[EventRounds "4"]
[SourceTitle "Corr 2008"]
[Source "ChessBase"]
[SourceDate "2008.06.24"]
[SourceVersion "1"]
[SourceVersionDate "2008.06.24"]
[SourceQuality "1"]

1. e4 c5 2. Nc3 Nc6 3. f4 g6 4. Nf3 Bg7 5. Bb5 Nd4 6. a4 e6 7. d3 a6 8. Bc4 Ne7 9. e5 d5 10. exd6 Qxd6 11. Ne4 Qc7 12. c3 Ndf5 13. a5 Nd5 14. Qe2 0-0 15. 0-0 Bd7 16. Qf2 Rac8 17. Ne5 Bb5 18. Bxb5 axb5 19. a6 bxa6 20. Rxa6 Qb7 21. Ra1 f6 22. g4 fxe5 23. gxf5 Qb6 24. fxg6 hxg6 25. Qg3 c4+ 26. Kh1 Ne7 27. Be3 Qd8 28. Qg2 cxd3 29. fxe5 Rxf1+ 30. Rxf1 Qd5 31. Bg5 Rc4 32. Nf6+ Bxf6 33. exf6 Qxg2+ 34. Kxg2 Nf5 1/2-1/2

[Event "IECC CL1-1998.13"]
[Site "IECC email"]
[Date "1998.11.10"]
[Round "?"]
[White "Vujadinovic, Milan"]
[Black "Neil, David"]
[Result "1/2-1/2"]
[WhiteElo "2225"]
[BlackElo "2364"]
[PlyCount "45"]
[EventDate "1998.??.??"]
[EventType "tourn (corr)"]
[EventRounds "4"]
[SourceTitle "Corr 2008"]
[Source "ChessBase"]
[SourceDate "2008.06.24"]
[SourceVersion "1"]
[SourceVersionDate "2008.06.24"]
[SourceQuality "1"]

1. d4 Nf6 2. Nf3 g6 3. g3 Bg7 4. Bg2 0-0 5. 0-0 d6 6. b3 e5 7. dxe5 dxe5 8. Ba3 Re8 9. Nc3 Nc6 10. Qxd8 Rxd8 11. Rad1 Bf5 12. Nh4 Bg4 13. Bxc6 bxc6 14. f3 Bh3 15. Rxd8+ Rxd8 16. Rd1 Rxd1+ 17. Nxd1 Be6 18. e4 Bf8 19. Bxf8 Kxf8 20. Kf2 Ke7 21. Nb2 Nd7 22. Nd3 f6 23. f4 1/2-1/2

[Event "IECC CL1-1998.07"]
[Site "IECC email"]
[Date "1998.05.26"]
[Round "?"]
[White "Benatar, Eric"]
[Black "Neil, David"]
[Result "1/2-1/2"]
[WhiteElo "2246"]
[BlackElo "2356"]
[PlyCount "92"]
[EventDate "1998.??.??"]
[EventType "tourn (corr)"]
[EventRounds "4"]
[SourceTitle "Corr 2008"]
[Source "ChessBase"]
[SourceDate "2008.06.24"]
[SourceVersion "1"]
[SourceVersionDate "2008.06.24"]
[SourceQuality "1"]

1. e4 Nf6 2. e5 Nd5 3. d4 d6 4. Nf3 Bg4 5. Be2 c6 6. 0-0 Bxf3 7. Bxf3 dxe5 8. dxe5 e6 9. Qe2 Nd7 10. Re1 Qc7 11. g3 Bc5 12. Nd2 0-0 13. Bg2 a5 14. Nf3 a4 15. c4 Ne7 16. Bd2 Ng6 17. Bc3 Rae8 18. b4 axb3 19. axb3 Ra8 20. b4 Be7 21. Red1 Rfd8 22. Rxa8 Rxa8 23. c5 b6 24. Nd4 bxc5 25. Nxc6 Bf8 26. bxc5 Bxc5 27. Ba5 Rxa5 28. Nxa5 Qxa5 29. Rxd7 Qa1+ 30. Rd1 Qxe5 31. Qxe5 Nxe5 32. Rd8+ Bf8 33. f4 Ng4 34. h3 Nf6 35. Kf2 h5 36. Rb8 g6 37. Rb7 Ne8 38. Ke3 Nd6 39. Rd7 Nf5+ 40. Kf3 Kg7 41. Bf1 Bb4 42. Bc4 Kf8 43. g4 hxg4+ 44. hxg4 Nh6 45. Rd8+ Kg7 46. Rb8 Bd6 1/2-1/2

[Event "BCF-chT2 9798 (4NCL)"]
[Site "England"]
[Date "1998.05.24"]
[Round "1.2"]
[White "Neil, David"]
[Black "Alfred, Nathan"]
[Result "1/2-1/2"]
[WhiteElo "2265"]
[BlackElo "2225"]
[PlyCount "62"]
[EventDate "1997.11.??"]
[EventType "team-tourn"]
[EventRounds "11"]
[EventCountry "ENG"]
[SourceTitle "EXT 1999"]
[Source "ChessBase"]
[SourceDate "1998.11.16"]
[SourceVersion "1"]
[SourceVersionDate "1998.11.16"]
[SourceQuality "1"]
[WhiteTeam "Wessex"]
[BlackTeam "Invicta Knights Maidstone II"]
[WhiteTeamCountry "ENG"]
[BlackTeamCountry "ENG"]

1. e4 c5 2. Nc3 Nc6 3. f4 g6 4. Nf3 Bg7 5. Bb5 Nd4 6. a4 a6 7. Bc4 e6 8. d3 Ne7 9. e5 d5 10. exd6 Nef5 11. Ne4 Nxd6 12. Nxd6+ Qxd6 13. Nxd4 cxd4 14. 0-0 Bd7 15. Bd2 0-0 16. a5 Rac8 17. Qe1 Rfe8 18. Bb4 Qc7 19. Qh4 Bc6 20. Rae1 Qd8 21. Qxd8 Rexd8 22. Re2 Bd5 23. b3 Rd7 24. Kf2 h5 25. Ke1 Bf6 26. Kd1 Kg7 27. c3 dxc3 28. Kc2 Rc6 29. Ra1 Rc8 30. Rd1 h4 31. Rf2 Bd4 1/2-1/2